00923pam a2200277 a 4500001000500000005001700005020001500022020001800037040002300055050002400078082001600102100002100118245007300139250003500212260003400247300004800281500002300329505000700352520015800359521001600517521001600533650002300549650001400572650002200586700003700608230220250331112909.0 a0590227122 a9780590227124 aDLCcDLCdDLCbeng00aPZ8.3.M127bMo 199500a513.2122201 aMaccarone, Grace10aMonster math /cby Grace Maccarone ; illustrated by Marge Hartelius. aFirst printing, September 1995 aNew York :bScholastic,c1995 a31 unnumbered pages :billustrationsc23 cm a"Cartwheel books." aB  aRhyming text and illustrations follow the activities of a group of twelve monsters that diminishes one by one. Includes a section of counting activities. a30 bLexile aBbRaz-Plus 1aMonstersxFiction. 1aCounting. 1aStories in rhyme.1 aHartelius, Margareteillustrator